LEADER 00951cam0 22002893 450 001 SON0007474 005 20210415072607.0 010 $a8870428931 100 $a20032010d1984 |||||ita|0103 ba 101 $aita 102 $aIT 200 1 $aCapitan Tempesta$aIl ranocchio saltatore e altre storie$fMark Twain 210 $aNapoli$cGuida Editori$d1984 215 $a227p.$d21cm 225 2 $aArchivio del Romanzo$v14 410 1$1001LAEC00019338$12001 $a*Archivio del Romanzo$v14 700 1$aTwain$b, Mark$3AF00014240$4070$027404 801 0$aIT$bUNISOB$c20210415$gRICA 850 $aUNISOB 852 $aUNISOB$j853$m41658 912 $aSON0007474 940 $aM 102 Monografia moderna SBN 941 $aM 957 $a853$b000434$gSI$d41658$rACQUISTO$1Spinosa$2UNISOB$3UNISOB$420200205110311.0$520200205110319.0$6Spinosa 996 $aIl ranocchio saltatore e altre storie$91582929 996 $aCapitan Tempesta$9468933 997 $aUNISOB